00703nam a2200169 a 4500003000200000005001700002008004100019050003300060100002500093245013300118260009300251300004100344504004100385650003300426650004000459650003400499020250303141213.0130827s19uu xx 00 eng d aPGS GV 445.C65b.Ar659 2013  aAragon, Joash Ser C. aComputer gaming and physical fitness of grade 6 students of Southville International School and Colleges /cJoash Ser C. Aragon. aLas Piñas City, Philippines : bSouthville International School and Colleges, c2013. a28 pages :billustrations ;c28 cm.  aIncludes bibliographical references. aVideo gamesvHealth aspects. aVideo gamesvPhysiological aspects. aPhysical fitness in children.